000 00615nam a2200229Ia 4500
003 OSt
005 20221007073542.0
006 a|||||r|||| 00| 0
007 ta
008 221006b |||||||| |||| 00| 0 eng d
024 _a10,408
037 _cTextual
040 _aFLL
_cFLL
_beng
041 _2eng
_aeng
082 _aF5594:Z2qN83, N6
100 _aMalik Vijay Au.
_9688119
245 0 _aExplosives act, 1884
260 _aLucknow
_bEastern book company India
_c1996
300 _a302p
_ccm.
942 _hF5594:Z2qN83, N6
_cTEXL
_2CC
999 _c1149108
_d1149108